000 00985nam0a2200313 4500
001 RU\NLR\BIBL_A\022537412
005 20250727042616.0
010 _a978-5-389-26946-0
_93000
035 _a(NLR Aleph) 022537412
090 _a13453219
_c13453219
100 _a20250507d2025 |||y0rusy50 ca
101 0 _arus
102 _aRU
105 _ay z 000ay
181 0 _ai
_baxxe
182 0 _an
200 1 _aКнига скворцов
_eповесть
_fРоман Шмараков
203 _aТекст
_bвизуальный
_cнепосредственный
210 _aСанкт-Петербург
_cАзбука-Аттикус, Азбука
_d2025
215 _a251, [2] с.
_d20
225 1 _aАзбука
_iГолоса
333 _a16+
686 2 _aШ6(2=Р)8-442
700 1 _aШмараков
_bР. Л.
_f1971-
_gРоман Львович
942 _cBOOK
980 _aNB